000
00231 a2200097 4500
001
36673
100
_a
Miles W Col Trans
245
_a
The history Tipu Sultan
260
_a
Lahore
_b
Islamic book service
_c
090
_c
23721
_d
23721
942
_a
NUST-CAE
_c
M
_c
15249
999
_c
271746
_d
271746